| 000 | 00461nam a2200181Ia 4500 | ||
|---|---|---|---|
| 008 | 230711s9999||||xx |||||||||||||| ||und|| | ||
| 020 | _a978-93-85999-11-6 | ||
| 041 | _aENG | ||
| 082 |
_a612 _bSE-E |
||
| 100 | _aSembulingam,K | ||
| 245 | 0 | _aEssentials of Medical Physiology | |
| 250 | _a7th Ed. | ||
| 260 |
_c2016 _aNew Delhi _bJaypee The Health Sciences Publishers |
||
| 300 | _a1112p. | ||
| 650 | _aPharmacy | ||
| 700 | _aSembulingam,Prema | ||
| 942 | _cBK | ||
| 999 |
_c7238 _d7238 |
||